000
00195 a2200085 4500
020
_a
9781780672915
100
_a
John Pile
245
_a
A History of Interior Design
260
_b
Thames & Hudson
_c
2013
999
_c
13332
_d
13332